| 000 | 00677nam a22001697a 4500 | ||
|---|---|---|---|
| 999 |
_c15175 _d15175 |
||
| 003 | AR-CdUCM | ||
| 008 | 190426b ||||| |||| 00| 0 spa d | ||
| 040 |
_aMUNICIPALIDAD PROVINCIAL DEL CUSCO _cBIBLIOTECA MUNICIPAL DEL CUSCO |
||
| 082 |
_aC / 051.861 / _bEC19 |
||
| 245 |
_aEco Musical : _bin memoriam Daniel Alomia Robles / |
||
| 260 |
_aBuenos Aires : _bOptimus, _c1943. |
||
| 300 |
_a32 pƔginas ; _c23 cm. |
||
| 440 |
_aEco musical _n10 _934202 |
||
| 505 | _aEl paso del principio latino Americano a la real orientación panamericana -- Homenaje al compositor y folklorista peruano Daniel Alomia Robles -- Premio escrito por el Exomo... | ||
| 942 |
_2ddc _cPP |
||
| 945 | _awfj | ||